000
00281nam a2200109 a 4500
005
20201002060831.0
008
181005s2016 000 spa d
020
_a
9789945599664
245
0
_a
Matemática 6 : libro del maestro.
260
_a
Santo Domingo,
_c
2016.
999
_c
47452
_d
47452
040
_a
DO-SdBNP